| 000 | 00475nam a2200181Ia 4500 | ||
|---|---|---|---|
| 003 | IN-BaIIA | ||
| 008 | 211028s9999 xx 000 0 eng d | ||
| 020 | _a3-527-29315-9 | ||
| 040 | _cIIA Library | ||
| 080 |
_a53 _bSCH |
||
| 100 |
_aSchuster, H. J. _924076 |
||
| 245 | 0 |
_aDeterministic chaos _ban introduction _cH. J. Schuster |
|
| 260 |
_aWeinheim _bVCH _c1995 |
||
| 300 | _axxviii, 291p. | ||
| 650 |
_adeterministic chaos _924077 |
||
| 650 |
_aphysics _973 |
||
| 942 | _cBK | ||
| 999 |
_c13704 _d13704 |
||